00000000nam##2200000za#4500
0019.687542
003CaOODSP
00520210927150433
007cr |||||||||||
008150407|2005||||xxc|||||o    f|0| 0 eng|d
020 |a0-662-40406-8
040 |aCaOODSP|beng
043 |an-cn---
0861 |aR2-401/2005E-PDF
1101 |aCanada. |bIndian and Northern Affairs Canada.
24510|aArticle 23 - Inuit employment plan, 2002-2007 |h[electronic resource]
260 |aOttawa - Ontario : |bIndian and Northern Affairs |c2005.
300 |a208p.|btables
500 |aContents: Umbrella agreement - Appendix A: Recommendations - Appendix B: Statistics.
590 |a07-03-Supp|b2007-04-05
69007|aEmployment|2gcpds
69007|aInuit|2gcpds
77508|tArticle 23 - Inuit employment plan, 2002-2007 |w(CaOODSP)9.674415
77508|tChapitre 23 - plan d'embauchage des Inuit, 2002-2007 |w(CaOODSP)9.674416
77508|tChapitre 23 - plan d'embauchage des Inuit, 2002-2007 |w(CaOODSP)9.631990
85640|ahttp://publications.gc.ca|qPDF|s1720 KB|uhttps://publications.gc.ca/collections/Collection/R2-401-2005E.pdf